Регионална библиотека "Любен Каравелов" - Русе

Живопис (Запис номер 454742)

MARC детайли
000 -Лидер
Контролно поле с фиксирана дължина nam a22 a 4500
003 - Код на организацията, давaща контролен номер
Контролно поле BLK
005 - Дата и час на последна редакция
Контролно поле 20220509125530.0
008 - Елементи от данни с фиксирана дължина
fixed length control field 220509b bul|||||r ||||||| ||bul||
020 ## - Международен стандартен номер на книга ISBN
Поясняваща информация 9789549211269
040 ## - Източник на каталожния запис
Идентификатор на билиотеката - собственик на записа BLK
041 ## - Код за език
Код за езика на текст/звукозапис или на отделно заглавие Български
-- Английски
Код за езика КДБФ Български
080 ## - УДК
Текстов определител УДК Живопис - художници
УДК код - определител по УДК 75.071.1
УДК определител (497.2)(092)(084)
УДК - код + определител 75.071.1(497.2)(092)(084)
080 ## - УДК
Текстов определител УДК Български художник живописец
УДК код - определител по УДК 929 Генов, Любен Михайлов
УДК - код + определител 929 Генов, Любен Михайлов
100 ## - Редна дума - Автор
R(LIN) 1299
Автор Генов, Любен Михайлов
Авторска отговорност първи автор
139 ## - Редно поле
Редна дума Генов, Любен Михайлов
245 10 - Сведения за заглавието
Заглавие Живопис
Том албум
Подзаглавни данни худож. Любен Генов ; текст Ани Венкова и др.
246 ## - Различни форми на заглавието
Паралелно заглавие Painting : album / paniter Lyuben Genov ; text by Ani Venkova
257 ## - Страна на издаване
Страна на създаване/издаване България
260 ## - Област на издателските данни
Място на издаване, разпространение и проч. София
Име на издателя, разпространителя и проч. Атера Дизайн
Година на издаване 2021
9 (RLIN) 216775
Печатница (София : Алианс Принт)
Издателство - префикс ISBN 978-954-92112-
300 ## - Физическа характеристика
Страници 1 албум (232 с.) : с цв. ил.
Размери/Мащаб 30 см
380 ## - Жанр
Жанр Изкуство
500 ## - Общи забележки
Забележка Пълната форма на името на състав. Евгения Христова е Евгения Христова Василева. - Изд. на Нар. ч-ще "Тодор Пеев - 1871" - Етрополе. - Похвално слово / Христо Андреев: с. 3-4
504 ## - Забележка за наличие на библиография и др
Забележка за наличие на библиография и под. Библиогр.: с. 394-395
600 #0 - Име на лице, използвано като предмет
9 (RLIN) 473858
За него / За нея Генов, Любен Михайлов
650 #0 - Допълнително описание по предмет – тема
9 (RLIN) 290224
Основно описание – тема или топоним Художници, български - албуми
650 #0 - Допълнително описание по предмет – тема
9 (RLIN) 280117
Основно описание – тема или топоним България - изобразителни изкуства
653 #7 - Ключова дума – ненормативна
9 (RLIN) 186627
Ключова дума живопис
700 ## - Други автори (авторска отговорност)
9 (RLIN) 1581
Лично име Венкова, Ана Михайлова
Автороска отговорност (Описва отношението между автора и произведението) текст
852 ## - Местоположение
Форматна сигнатура Цб ІІ 30797
Фондова буква Хранилище
999 ## - СИСТЕМНИ КОНТРОЛНИ НОМЕРА
Koha biblionumber 454742
Koha biblioitemnumber 454742
942 ## - АРТИКУЛИ
Вид на библиотечния материал Книги
Скрит в OPAC Не
Периодичен библиозапис Да
944 ## - СЪЗДАВАНЕ И РЕДАКЦИЯ на ЗАПИСА
Създаване/Редакция Създаване
Дата на регистрацията/редакция 2022-05-09
Служител, извършил регистрацията/редакцията ГГГ
999 ## - СИСТЕМНИ КОНТРОЛНИ НОМЕРА
Koha biblioitemnumber 454742
Наличности
Код за отписване Код за изгубен артикул Източник на класификационната схема Код за повреда Коз за рестрикции Код за отдаване Артикулен № Име на библиотеката - собственик Име на библиотеката, в която се намира в момента Статус (Текущо местоположение) Дата на вписване в системата Местоположение - отдел Цена в лева Систематично азбучна сигнатура Баркод Цена в евро Служебен тип на артикула
  Не е изгубен Universal Decimal Classification Не е повреден само за читалня ползва се в читалня 883265 Регионална библиотека "Любен Каравелов" Русе Регионална библиотека "Любен Каравелов" Русе Хранилище 2022-05-10 Хранилище 35.00 Цб ІІ 30797 120000871606 17.90 Книги
Vip Innovations Ltd, Rousse, Bulgaria 2025